| 000 | 00596nam a22001817a 4500 | ||
|---|---|---|---|
| 005 | 20251108165319.0 | ||
| 008 | 250721s1969 xx 000 0 ara d | ||
| 082 | 1 | 4 | _a956.61/فير |
| 100 | 1 | _aالفيروزابادي، أبو طاهر محمد بن يعقوب بن محمد | |
| 245 | 1 | 0 | _aالمغانم المطابه في معالم طابه / |
| 264 | 1 |
_aالرياض : _bدار اليمامه، _c1969. |
|
| 300 | _a623ص :فهارس | ||
| 650 | 1 | 7 | _aالسعودية |
| 650 | 1 | 7 | _aالتاريخ |
| 700 | 1 |
_aالجاسر، حمد _eترجمة |
|
| 942 |
_2ddc _cBK |
||
| 999 |
_c24848 _d24848 |
||